| 000 | 00835nam a22002897a 4500 | ||
|---|---|---|---|
| 999 |
_c310871 _d310871 |
||
| 001 | 24593 | ||
| 003 | UA-OsUOA | ||
| 005 | 20200504190544.0 | ||
| 007 | ta | ||
| 008 | 20040223b un ||||| |||| 00| 0 ukr d | ||
| 020 | _a966-620-004-Х | ||
| 040 |
_aUA-OsUOA _bukr _cUA-OsUOA _dUA-OsUOA |
||
| 041 | _aukr | ||
| 044 | _aUA | ||
| 080 | _a330.322 | ||
| 090 |
_a330.322 _bН34 |
||
| 100 | _aНауменкова С. В. | ||
| 245 |
_aФінансовий ринок та інвестиції _bзбірник тестових вправ і завдань |
||
| 260 |
_aКиїв _bЗнання _c2000 |
||
| 300 | _a214 с. | ||
| 650 | 7 | _2UDC | |
| 700 | _aАндрєєв А.В. | ||
| 700 | _aЖуравка Ф.О. | ||
| 942 |
_cBK _2udc |
||
| 955 | _a0 | ||